| 000 | 00337nam a22001457a 4500 | ||
|---|---|---|---|
| 003 | SGT | ||
| 082 |
_a617.645 _bS21A |
||
| 100 | _aAnjulata, K. G. | ||
| 245 | _aSpace regainers | ||
| 260 |
_aGurugram, Haryana _bSGT University _c2021 |
||
| 300 | _a70 | ||
| 650 | _aPediatric Dentistry | ||
| 653 | _aPediatric Dentistry | ||
| 942 |
_2ddc _cTH |
||
| 999 |
_c23641 _d23641 |
||